01924nam a22002777a 4500003000900000005001700009008002500026020001900051040002200070082003000092100002900122245011800151260003500269300002100304505101900325650005601344650004901400700003601449700001601485700003401501700002601535700001801561700002501579700002301604700001901627DO-SdBNP20231009085510.0171020b2009 |00| 0 spa d a99789945001815 aBPMSUbspacBPMSU 4aRD861.44 bM425m 20092221 aMorrison, Mateo, d1947-10aMateo Morrison y su obra poética :bdiversas miradas /cMateo Morrison, Franklin García Fermín ...[et.al.]. aSanto Domingo :bUASDj,c2009. a103 p. :c22 cm.0 aMateo recorriendo los caminos de la Patria/ Rafael Nino-Féliz -- Discurso pronunciado por el doctor /Franklin García Fermín, rector de la Universidad Autónoma de Santo Domingo, en el acto de puesta en circulación del libro Las palabras están ahí -- Cuerpo, casa y ciudad: un mismo centro. Sobre Las palabras están ahí Mateo Morrison / Claudia Hernández del Valle -- La alborada verbal de Mateo Morrison / Tony Raful -- (Re)pensar a Mateo Morrison / Federico Jóvine Bermúdez -- Mateo Morrison y la ansilaridad sostenible y coherente: Las palabras están ahí / José Rosamantes -- Palabras del escritor Carlos Reyes, del circulo literario de Valverde Mao, en la puesta en circulación del libro Las palabras están ahí -- Otras miradas poesía e identidad en Mateo Morrison /Teresa Saldívar -- La obra fecunda de Mateo Morrison / Rafael Pineda -- Opiniones de diversos escritores acerca de la obra de Mateo Morrison -- Biografía -- Bibliografía activa -- Bibliografía pasiva. 4a Poesía dominicana xCrítica e interpretación 4aLiteratura dominicana xHistoria y crítica1 aHernández del Valle, Claudia 1 aRaful, Tony1 aJóvine Bermúdez, Federico1 aRosamantes, José de1 aReyes, Carlos1 aFéliz, Rafael Nino1 aZaldívar, Teresa1 aPineda, Rafael